| 000 | 01062nam a2200277 a 4500 | ||
|---|---|---|---|
| 001 | 000022861 | ||
| 005 | 20250512110523.0 | ||
| 008 | 101119s1976 sp ab r 000 0 spa d | ||
| 020 | _a8401470064 | ||
| 040 |
_aDO-SdBNP _bspa _cBNPHU |
||
| 082 |
_aNNNN _bK81a |
||
| 100 | 1 |
_aKolosimo, Peter, _d1922-1984 _946985 |
|
| 240 | 1 | 0 |
_aAstronavi sulla preistoria. _lEspañol. |
| 245 | 1 | 0 |
_aAstronaves en la prehistoria : _bvehículos esapaciales grabados en las rocas. ¿Bombas atómicas y rayos láser antes del Diluvio? / _cPeter Kolosimo ; traducción de Domingo Pruna. |
| 260 |
_aBarcelona : _bPlaza & Janes, _c1976. |
||
| 300 |
_a317 p. : _bil. ; _c18 cm. |
||
| 490 | 1 |
_aRealismo fantástico _v6 |
|
| 504 | _aIncluye referencias bibliográficas y notas al pie de las páginas. | ||
| 650 | 4 |
_aBases extraterrestres _946986 |
|
| 650 | 0 |
_aAstronomía _925809 |
|
| 650 | 4 |
_aVida en otros planetas _919498 |
|
| 650 | 4 |
_aEspacio exterior _xExploración _946987 |
|
| 700 | 1 |
_aPruna, Domingo, _etr. _914327 |
|
| 830 | 0 |
_aRealismo fantástico ; _v6 _946988 |
|
| 049 | _aBNGR | ||
| 999 |
_c22358 _d22358 |
||